[Event "V4 Liptov 2017"]
[Site "?"]
[Date "2017.06.25"]
[Round "8.9"]
[White "Janecek, Miroslav"]
[Black "Chwistek, Karel"]
[Result "1/2-1/2"]
[BlackElo "1985"]
[WhiteElo "1592"]
[LiveChessVersion "1.4.8"]

1. d4 {[%clk 1:00:54]} g6 {[%clk 1:00:38]} 2. c4 {[%clk 1:01:15]} Bg7
{[%clk 1:01:00]} 3. Nc3 {[%clk 1:01:39]} d6 {[%clk 1:01:17]} 4. e4
{[%clk 1:01:52]} Nd7 {[%clk 1:01:25]} 5. f3 {[%clk 1:01:11]} e5 {[%clk 1:00:55]}
6. d5 {[%clk 1:01:29]} a5 {[%clk 0:59:57]} 7. Be3 {[%clk 1:00:21]} Nc5
{[%clk 0:58:11]} 8. Be2 {[%clk 0:58:05]} f5 {[%clk 0:56:20]} 9. g4
{[%clk 0:56:16]} Bh6 {[%clk 0:51:42]} 10. Bf2 {[%clk 0:53:02]} fxg4
{[%clk 0:49:14]} 11. fxg4 {[%clk 0:53:13]} Nf6 {[%clk 0:47:37]} 12. Bxc5
{[%clk 0:51:45]} dxc5 {[%clk 0:47:40]} 13. h4 {[%clk 0:51:42]} Bf4
{[%clk 0:43:39]} 14. g5 {[%clk 0:50:08]} Bg3+ {[%clk 0:43:13]} 15. Kd2
{[%clk 0:49:36]} Nd7 {[%clk 0:40:19]} 16. Kc2 {[%clk 0:48:17]} Nb6
{[%clk 0:39:13]} 17. Nf3 {[%clk 0:37:38]} h5 {[%clk 0:35:11]} 18. gxh6
{[%clk 0:35:16]} Rxh6 {[%clk 0:34:58]} 19. Qg1 {[%clk 0:35:14]} Bf4
{[%clk 0:30:42]} 20. Qxc5 {[%clk 0:31:46]} Bg4 {[%clk 0:27:26]} 21. Rag1
{[%clk 0:25:59]} Bxf3 {[%clk 0:23:17]} 22. Bxf3 {[%clk 0:26:27]} Qd6
{[%clk 0:22:44]} 23. Qxd6 {[%clk 0:24:45]} cxd6 {[%clk 0:23:12]} 24. Nb5
{[%clk 0:22:54]} Ke7 {[%clk 0:22:27]} 25. b3 {[%clk 0:20:38]} a4 {[%clk 0:22:04]}
26. Kb2 {[%clk 0:17:48]} Rah8 {[%clk 0:20:11]} 27. h5 {[%clk 0:15:52]} g5
{[%clk 0:20:12]} 28. Bg4 {[%clk 0:14:13]} axb3 {[%clk 0:18:04]} 29. axb3
{[%clk 0:14:09]} Nd7 {[%clk 0:18:27]} 30. Kc3 {[%clk 0:10:40]} Nf6
{[%clk 0:17:20]} 31. Nc7 {[%clk 0:10:03]} Nxe4+ {[%clk 0:17:20]} 32. Kb4
{[%clk 0:10:18]} Nf2 {[%clk 0:16:35]} 33. Kb5 {[%clk 0:10:03]} Nxh1
{[%clk 0:16:33]} 34. Rxh1 {[%clk 0:10:31]} Be3 {[%clk 0:16:34]} 35. b4
{[%clk 0:09:58]} b6 {[%clk 0:15:43]} 36. Ra1 {[%clk 0:07:52]} Rxh5
{[%clk 0:12:51]} 37. Bxh5 {[%clk 0:08:07]} Rxh5 {[%clk 0:13:18]} 38. Na8
{[%clk 0:07:45]} g4 {[%clk 0:12:21]} 1/2-1/2

[Event "V4 Liptov 2017"]
[Site "?"]
[Date "2017.06.25"]
[Round "8.10"]
[White "Nehyba, Martin"]
[Black "Vavrinkova, Anna"]
[Result "1-0"]
[BlackElo "1485"]
[WhiteElo "1944"]
[LiveChessVersion "1.4.8"]

1. c4 {[%clk 1:00:14]} c6 {[%clk 1:00:52]} 2. Nc3 {[%clk 1:00:39]} d5
{[%clk 1:01:06]} 3. cxd5 {[%clk 1:01:04]} cxd5 {[%clk 1:01:04]} 4. d4
{[%clk 1:01:29]} Nf6 {[%clk 1:00:16]} 5. Bf4 {[%clk 1:01:45]} Nc6
{[%clk 0:58:32]} 6. e3 {[%clk 1:02:06]} e6 {[%clk 0:56:29]} 7. a3
{[%clk 1:02:15]} a6 {[%clk 0:53:56]} 8. Bd3 {[%clk 1:02:21]} b5 {[%clk 0:51:42]}
9. Rc1 {[%clk 1:02:12]} Bb7 {[%clk 0:49:50]} 10. b4 {[%clk 0:58:12]} Rc8
{[%clk 0:46:04]} 11. Nf3 {[%clk 0:58:30]} Be7 {[%clk 0:43:09]} 12. O-O
{[%clk 0:58:44]} O-O {[%clk 0:42:28]} 13. Nd2 {[%clk 0:57:48]} Qb6
{[%clk 0:36:43]} 14. Nb3 {[%clk 0:57:39]} Rfd8 {[%clk 0:34:13]} 15. Bg3
{[%clk 0:54:37]} Bd6 {[%clk 0:31:26]} 16. Bxd6 {[%clk 0:53:21]} Rxd6
{[%clk 0:31:49]} 17. f4 {[%clk 0:52:24]} Ne7 {[%clk 0:30:41]} 18. Nb1
{[%clk 0:51:33]} Rxc1 {[%clk 0:29:46]} 19. Qxc1 {[%clk 0:51:31]} Rc6
{[%clk 0:30:05]} 20. Qd2 {[%clk 0:51:40]} Bc8 {[%clk 0:29:37]} 21. h3
{[%clk 0:51:37]} h5 {[%clk 0:27:04]} 22. Qe2 {[%clk 0:51:24]} Qd8
{[%clk 0:25:06]} 23. Nc5 {[%clk 0:51:20]} Qd6 {[%clk 0:23:12]} 24. Nd2
{[%clk 0:50:58]} g6 {[%clk 0:21:41]} 25. Ndb3 {[%clk 0:51:08]} Ne8
{[%clk 0:21:01]} 26. Ra1 {[%clk 0:50:16]} Nc7 {[%clk 0:17:56]} 27. Qf3
{[%clk 0:47:01]} Rb6 {[%clk 0:14:48]} 28. Kf2 {[%clk 0:43:55]} Kg7
{[%clk 0:11:57]} 29. g4 {[%clk 0:42:20]} h4 {[%clk 0:10:17]} 30. g5
{[%clk 0:41:10]} Qd8 {[%clk 0:10:14]} 31. Nd2 {[%clk 0:40:40]} Qh8
{[%clk 0:08:53]} 32. Kg2 {[%clk 0:40:11]} Nc6 {[%clk 0:08:00]} 33. Ncb3
{[%clk 0:39:22]} Ne7 {[%clk 0:07:10]} 34. Qf2 {[%clk 0:39:39]} Qh5
{[%clk 0:06:15]} 35. Nf3 {[%clk 0:39:36]} Rc6 {[%clk 0:05:53]} 36. Nc5
{[%clk 0:39:58]} Ne8 {[%clk 0:05:39]} 37. Ne5 {[%clk 0:38:47]} Rc7
{[%clk 0:05:16]} 38. Ng4 {[%clk 0:38:38]} Nd6 {[%clk 0:04:41]} 39. Nh6
{[%clk 0:38:52]} Ne4 {[%clk 0:01:32]} 40. Nxe4 {[%clk 0:38:35]} dxe4
{[%clk 0:01:56]} 41. Bxe4 {[%clk 0:38:55]} Bb7 {[%clk 0:01:16]} 42. Bxb7
{[%clk 0:38:41]} Rxb7 {[%clk 0:01:37]} 43. Rc1 {[%clk 0:38:57]} Ng8
{[%clk 0:01:04]} 44. Nxg8 {[%clk 0:39:10]} Kxg8 {[%clk 0:01:31]} 45. Qf3
{[%clk 0:39:21]} Qxf3+ {[%clk 0:01:45]} 46. Kxf3 {[%clk 0:39:41]} Rb8
{[%clk 0:01:57]} 47. Rc6 {[%clk 0:40:04]} Ra8 {[%clk 0:02:11]} 48. Kg4
{[%clk 0:40:28]} a5 {[%clk 0:01:32]} 49. Rb6 {[%clk 0:40:31]} axb4
{[%clk 0:01:33]} 50. axb4 {[%clk 0:40:59]} Ra3 {[%clk 0:01:52]} 51. Kf3
{[%clk 0:41:04]} Kf8 {[%clk 0:02:06]} 52. Rxb5 {[%clk 0:41:28]} Ke7
{[%clk 0:02:31]} 53. Rb7+ {[%clk 0:41:52]} Ke8 {[%clk 0:02:44]} 54. b5
{[%clk 0:42:16]} Rb3 {[%clk 0:03:10]} 55. b6 {[%clk 0:42:37]} Kd8
{[%clk 0:03:16]} 56. Ke4 {[%clk 0:42:09]} Rb5 {[%clk 0:02:29]} 57. Rxf7
{[%clk 0:42:22]} Rxb6 {[%clk 0:02:50]} 58. Rf6 1-0

[Event "V4 Liptov 2017"]
[Site "?"]
[Date "2017.06.25"]
[Round "8.11"]
[White "Havel, Kristian"]
[Black "Kopcova, Ludmila"]
[Result "0-1"]
[BlackElo "1980"]
[WhiteElo "1447"]
[LiveChessVersion "1.4.8"]

1. Nf3 {[%clk 1:00:56]} d5 {[%clk 1:00:49]} 2. d4 {[%clk 1:01:12]} Nf6
{[%clk 1:01:08]} 3. c4 {[%clk 1:01:21]} e6 {[%clk 1:01:14]} 4. Nc3
{[%clk 1:01:34]} Nbd7 {[%clk 1:01:08]} 5. Bg5 {[%clk 1:01:26]} Be7
{[%clk 1:00:50]} 6. e3 {[%clk 1:00:29]} h6 {[%clk 1:01:03]} 7. Bf4
{[%clk 1:00:53]} O-O {[%clk 1:00:54]} 8. Ne5 {[%clk 0:59:54]} c6 {[%clk 0:58:00]}
9. cxd5 {[%clk 0:57:33]} exd5 {[%clk 0:58:06]} 10. Bd3 {[%clk 0:56:10]} Nxe5
{[%clk 0:53:18]} 11. Bxe5 {[%clk 0:56:20]} Bd6 {[%clk 0:51:45]} 12. Bxd6
{[%clk 0:53:41]} Qxd6 {[%clk 0:52:12]} 13. Qc2 {[%clk 0:44:45]} Bd7
{[%clk 0:48:59]} 14. Ne2 {[%clk 0:38:19]} Rae8 {[%clk 0:46:29]} 15. Ng3
{[%clk 0:35:38]} Re7 {[%clk 0:41:46]} 16. O-O {[%clk 0:27:51]} Rfe8
{[%clk 0:40:14]} 17. Rac1 {[%clk 0:21:50]} Ne4 {[%clk 0:37:07]} 18. Bxe4
{[%clk 0:21:13]} dxe4 {[%clk 0:37:29]} 19. Qc5 {[%clk 0:21:34]} Qb8
{[%clk 0:36:22]} 20. Rfd1 {[%clk 0:18:17]} g6 {[%clk 0:30:13]} 21. h4
{[%clk 0:13:26]} b6 {[%clk 0:23:40]} 22. Qc3 {[%clk 0:11:51]} Qd6
{[%clk 0:22:54]} 23. h5 {[%clk 0:08:45]} g5 {[%clk 0:16:22]} 24. Qc4
{[%clk 0:04:31]} Kh7 {[%clk 0:12:31]} 25. d5 {[%clk 0:03:01]} c5 {[%clk 0:12:30]}
26. Qc2 {[%clk 0:02:46]} f5 {[%clk 0:11:02]} 27. f3 {[%clk 0:02:21]} Qxg3
{[%clk 0:11:01]} 28. fxe4 {[%clk 0:01:39]} Qxe3+ {[%clk 0:10:55]} 29. Kh2
{[%clk 0:01:00]} Rxe4 {[%clk 0:10:55]} 30. Rd3 {[%clk 0:00:42]} Rh4#
{[%clk 0:11:12]} 0-1

[Event "V4 Liptov 2017"]
[Site "?"]
[Date "2017.06.25"]
[Round "8.12"]
[White "Londin, Simon"]
[Black "Janosova, Katerina Anna"]
[Result "1/2-1/2"]
[BlackElo "1334"]
[WhiteElo "1772"]
[LiveChessVersion "1.4.8"]

1. d4 {[%clk 1:00:59]} d5 {[%clk 1:00:49]} 2. e3 {[%clk 1:01:24]} Nf6
{[%clk 1:00:51]} 3. Bd3 {[%clk 1:01:49]} c6 {[%clk 1:00:57]} 4. Nd2
{[%clk 1:01:10]} g6 {[%clk 0:59:53]} 5. Ngf3 {[%clk 1:00:34]} Bg7
{[%clk 0:59:56]} 6. c4 {[%clk 1:00:47]} O-O {[%clk 0:59:57]} 7. O-O
{[%clk 1:01:13]} Bg4 {[%clk 0:59:13]} 8. Qb3 {[%clk 0:59:21]} Qb6
{[%clk 0:59:19]} 9. c5 {[%clk 0:59:32]} Qxb3 {[%clk 0:59:15]} 10. axb3
{[%clk 1:00:01]} Nbd7 {[%clk 0:59:20]} 11. h3 {[%clk 0:59:44]} Bxf3
{[%clk 0:58:59]} 12. Nxf3 {[%clk 1:00:13]} Rfe8 {[%clk 0:59:04]} 13. b4
{[%clk 0:56:16]} e5 {[%clk 0:59:10]} 14. dxe5 {[%clk 0:54:39]} Nxe5
{[%clk 0:59:21]} 15. Nxe5 {[%clk 0:55:00]} Rxe5 {[%clk 0:59:30]} 16. Bd2
{[%clk 0:55:13]} Ree8 {[%clk 0:59:16]} 17. Bc3 {[%clk 0:50:51]} a6
{[%clk 0:59:18]} 18. Ra3 {[%clk 0:50:10]} Rad8 {[%clk 0:57:43]} 19. Bd4
{[%clk 0:41:00]} h6 {[%clk 0:55:31]} 20. b3 {[%clk 0:34:45]} Kh7 {[%clk 0:55:18]}
21. Re1 {[%clk 0:34:40]} Ne4 {[%clk 0:54:35]} 22. Raa1 {[%clk 0:29:30]} Nf6
{[%clk 0:50:14]} 23. Re2 {[%clk 0:27:15]} Ne4 {[%clk 0:49:35]} 24. Rae1
{[%clk 0:25:46]} Nc3 {[%clk 0:48:48]} 25. Bxc3 {[%clk 0:24:38]} Bxc3
{[%clk 0:48:49]} 26. Rc1 {[%clk 0:24:55]} Bxb4 {[%clk 0:48:59]} 27. Ra2
{[%clk 0:22:34]} a5 {[%clk 0:48:57]} 28. Kf1 {[%clk 0:22:25]} Kg7
{[%clk 0:48:18]} 29. Re2 {[%clk 0:20:50]} d4 {[%clk 0:47:28]} 30. e4
{[%clk 0:20:27]} Re5 {[%clk 0:47:05]} 31. Ra2 {[%clk 0:19:06]} Bc3
{[%clk 0:46:59]} 32. f4 {[%clk 0:18:37]} Rxc5 {[%clk 0:47:02]} 33. g4
{[%clk 0:18:29]} g5 {[%clk 0:46:27]} 34. f5 {[%clk 0:18:45]} f6 {[%clk 0:46:33]}
35. Kg2 {[%clk 0:17:54]} b6 {[%clk 0:45:03]} 36. Kf3 {[%clk 0:17:36]} Re8
{[%clk 0:43:27]} 37. Ra4 {[%clk 0:17:49]} Ree5 {[%clk 0:42:37]} 38. h4
{[%clk 0:16:45]} Bb4 {[%clk 0:42:31]} 39. Raa1 {[%clk 0:14:24]} Rc3
{[%clk 0:42:19]} 40. Rxc3 {[%clk 0:14:34]} dxc3 {[%clk 0:41:30]} 41. hxg5
{[%clk 0:14:32]} hxg5 {[%clk 0:41:31]} 42. Rd1 {[%clk 0:13:51]} b5
{[%clk 0:40:39]} 43. Bc2 {[%clk 0:13:59]} Re7 {[%clk 0:40:17]} 44. Rd8
{[%clk 0:13:53]} Rc7 {[%clk 0:40:00]} 45. e5 {[%clk 0:12:23]} fxe5
{[%clk 0:39:25]} 46. Ke4 {[%clk 0:12:37]} Be7 {[%clk 0:37:20]} 47. Rd3
{[%clk 0:12:12]} Kf6 {[%clk 0:35:58]} 48. Rxc3 {[%clk 0:11:58]} Bb4
{[%clk 0:35:37]} 49. Rd3 {[%clk 0:12:17]} Be7 {[%clk 0:34:20]} 50. Rh3
{[%clk 0:09:19]} Bd8 {[%clk 0:31:14]} 51. Rh6+ {[%clk 0:09:07]} Kg7
{[%clk 0:30:09]} 52. Rg6+ {[%clk 0:09:35]} Kf7 {[%clk 0:28:17]} 53. Kxe5
{[%clk 0:08:43]} Re7+ {[%clk 0:26:35]} 54. Re6 {[%clk 0:08:13]} Bc7+
{[%clk 0:26:04]} 55. Kd4 {[%clk 0:08:12]} 1/2-1/2

[Event "V4 Liptov 2017"]
[Site "?"]
[Date "2017.06.25"]
[Round "8.13"]
[White "Grimm, Balazs"]
[Black "Szczurek, Krzysztof"]
[Result "0-1"]
[BlackElo "2068"]
[WhiteElo "1737"]
[LiveChessVersion "1.4.8"]

1. e4 {[%clk 1:00:58]} c5 {[%clk 1:00:55]} 2. Nf3 {[%clk 1:01:22]} d6
{[%clk 1:01:22]} 3. d4 {[%clk 1:01:46]} cxd4 {[%clk 1:01:46]} 4. Nxd4
{[%clk 1:02:12]} Nf6 {[%clk 1:02:12]} 5. Nc3 {[%clk 1:02:36]} a6 {[%clk 1:02:38]}
6. f3 {[%clk 1:02:31]} e5 {[%clk 1:02:41]} 7. Nb3 {[%clk 1:02:47]} Be6
{[%clk 1:03:03]} 8. Bg5 {[%clk 1:03:03]} Be7 {[%clk 1:02:56]} 9. Qd2
{[%clk 1:03:22]} O-O {[%clk 1:00:35]} 10. O-O-O {[%clk 1:03:35]} Nbd7
{[%clk 1:00:32]} 11. h4 {[%clk 1:01:07]} Qc7 {[%clk 0:59:43]} 12. g4
{[%clk 1:00:41]} b5 {[%clk 0:58:43]} 13. Bxf6 {[%clk 1:00:10]} Nxf6
{[%clk 0:58:55]} 14. g5 {[%clk 1:00:24]} Nh5 {[%clk 0:58:41]} 15. Bh3
{[%clk 1:00:42]} Bxh3 {[%clk 0:57:13]} 16. Rxh3 {[%clk 1:01:06]} Nf4
{[%clk 0:57:39]} 17. Rg3 {[%clk 1:01:23]} Rfc8 {[%clk 0:57:10]} 18. Nd5
{[%clk 1:01:36]} Nxd5 {[%clk 0:57:14]} 19. exd5 {[%clk 1:02:01]} a5
{[%clk 0:53:55]} 20. Kb1 {[%clk 1:01:11]} a4 {[%clk 0:53:08]} 21. Nc1
{[%clk 1:01:28]} Qb7 {[%clk 0:51:54]} 22. f4 {[%clk 1:00:09]} exf4
{[%clk 0:50:49]} 23. Qxf4 {[%clk 1:00:33]} Rc4 {[%clk 0:49:56]} 24. Qf5
{[%clk 1:00:02]} Rxh4 {[%clk 0:41:19]} 25. Rf3 {[%clk 0:56:16]} Rf8
{[%clk 0:41:30]} 26. Ne2 {[%clk 0:54:01]} Rh5 {[%clk 0:40:04]} 27. Rg1
{[%clk 0:54:02]} h6 {[%clk 0:39:08]} 28. Nf4 {[%clk 0:50:04]} Rxg5
{[%clk 0:38:42]} 29. Rxg5 {[%clk 0:50:27]} Bxg5 {[%clk 0:39:08]} 30. Nh3
{[%clk 0:50:38]} Qe7 {[%clk 0:39:11]} 31. a3 {[%clk 0:50:43]} Bf6
{[%clk 0:39:34]} 32. Qd3 {[%clk 0:50:53]} b4 {[%clk 0:30:56]} 33. axb4
{[%clk 0:50:31]} Qe1+ {[%clk 0:31:18]} 34. Ka2 {[%clk 0:50:53]} Qxb4
{[%clk 0:31:40]} 35. Rxf6 {[%clk 0:51:17]} Rb8 {[%clk 0:31:27]} 36. b3
{[%clk 0:51:23]} axb3+ {[%clk 0:31:53]} 37. cxb3 {[%clk 0:51:46]} gxf6
{[%clk 0:31:51]} 38. Qf3 {[%clk 0:52:03]} Qd2+ {[%clk 0:31:34]} 39. Kb1
{[%clk 0:51:37]} Qe1+ {[%clk 0:31:56]} 40. Kb2 {[%clk 0:51:39]} Qe5+
{[%clk 0:32:15]} 41. Kb1 {[%clk 0:51:05]} Ra8 {[%clk 0:32:19]} 42. Qg4+
{[%clk 0:50:37]} Kf8 {[%clk 0:32:36]} 43. Qd7 {[%clk 0:49:50]} Ra1+
{[%clk 0:32:19]} 44. Kc2 {[%clk 0:50:10]} Ra2+ {[%clk 0:32:27]} 0-1

[Event "V4 Liptov 2017"]
[Site "?"]
[Date "2017.06.25"]
[Round "8.14"]
[White "Golda, Sebastian"]
[Black "Zlotov, Viktor"]
[Result "1-0"]
[BlackElo "1635"]
[WhiteElo "1997"]
[LiveChessVersion "1.4.8"]

1. e4 {[%clk 1:00:58]} c5 {[%clk 1:00:52]} 2. Nf3 {[%clk 1:01:14]} d6
{[%clk 1:01:14]} 3. d4 {[%clk 1:01:41]} cxd4 {[%clk 1:01:40]} 4. Nxd4
{[%clk 1:02:07]} Nf6 {[%clk 1:02:02]} 5. Nc3 {[%clk 1:02:34]} g6 {[%clk 1:02:24]}
6. Be3 {[%clk 1:02:56]} Bg7 {[%clk 1:02:47]} 7. f3 {[%clk 1:03:22]} O-O
{[%clk 1:03:09]} 8. Qd2 {[%clk 1:03:49]} Nc6 {[%clk 1:03:26]} 9. O-O-O
{[%clk 1:04:10]} Bd7 {[%clk 1:03:29]} 10. g4 {[%clk 1:02:36]} Rc8
{[%clk 1:01:04]} 11. h4 {[%clk 1:02:53]} h5 {[%clk 1:01:29]} 12. gxh5
{[%clk 0:51:21]} Nxh5 {[%clk 1:01:49]} 13. Rg1 {[%clk 0:51:40]} b5
{[%clk 0:55:13]} 14. Bxb5 {[%clk 0:39:13]} Ne5 {[%clk 0:48:37]} 15. Be2
{[%clk 0:33:52]} Nc4 {[%clk 0:45:07]} 16. Bxc4 {[%clk 0:33:49]} Rxc4
{[%clk 0:45:26]} 17. Rg5 {[%clk 0:22:01]} Qc7 {[%clk 0:42:07]} 18. Rdg1
{[%clk 0:22:14]} Rc5 {[%clk 0:40:21]} 19. Nd5 {[%clk 0:20:38]} Rxd5
{[%clk 0:37:57]} 20. exd5 {[%clk 0:20:03]} 1-0

[Event "V4 Liptov 2017"]
[Site "?"]
[Date "2017.06.25"]
[Round "8.15"]
[White "Schmidt, Richard"]
[Black "Dylag, Emilia"]
[Result "0-1"]
[BlackElo "1833"]
[WhiteElo "1363"]
[LiveChessVersion "1.4.8"]

1. e4 {[%clk 1:00:52]} d5 {[%clk 1:00:54]} 2. exd5 {[%clk 1:01:14]} Qxd5
{[%clk 1:01:19]} 3. Nc3 {[%clk 1:01:33]} Qd6 {[%clk 1:01:44]} 4. Nf3
{[%clk 1:01:21]} Nf6 {[%clk 1:02:07]} 5. Bc4 {[%clk 1:00:59]} c6 {[%clk 1:02:07]}
6. h3 {[%clk 1:01:01]} Bf5 {[%clk 1:01:23]} 7. O-O {[%clk 1:00:58]} e6
{[%clk 1:00:41]} 8. Bb3 {[%clk 1:00:16]} Be7 {[%clk 1:00:37]} 9. d4
{[%clk 0:59:27]} Nbd7 {[%clk 0:58:47]} 10. Ne2 {[%clk 0:58:49]} Qc7
{[%clk 0:56:18]} 11. Bf4 {[%clk 0:58:49]} Bd6 {[%clk 0:55:53]} 12. Bxd6
{[%clk 0:58:13]} Qxd6 {[%clk 0:56:18]} 13. Ng3 {[%clk 0:57:54]} Bg6
{[%clk 0:55:49]} 14. Re1 {[%clk 0:57:28]} O-O {[%clk 0:54:38]} 15. Ne5
{[%clk 0:57:33]} Rfd8 {[%clk 0:51:55]} 16. Nxg6 {[%clk 0:57:39]} hxg6
{[%clk 0:52:17]} 17. c3 {[%clk 0:57:51]} Rac8 {[%clk 0:50:44]} 18. Qd3
{[%clk 0:57:37]} c5 {[%clk 0:48:48]} 19. Rad1 {[%clk 0:57:58]} Nb6
{[%clk 0:36:36]} 20. Bc2 {[%clk 0:57:10]} cxd4 {[%clk 0:35:56]} 21. Ne4
{[%clk 0:56:11]} Qc7 {[%clk 0:34:44]} 22. Nxf6+ {[%clk 0:56:10]} gxf6
{[%clk 0:35:08]} 23. Bb3 {[%clk 0:45:01]} dxc3 {[%clk 0:34:25]} 24. Qxc3
{[%clk 0:44:36]} Rxd1 {[%clk 0:33:18]} 25. Rxd1 {[%clk 0:44:30]} Qxc3
{[%clk 0:33:16]} 26. bxc3 {[%clk 0:44:43]} Rxc3 {[%clk 0:33:37]} 27. Rd8+
{[%clk 0:44:37]} Kg7 {[%clk 0:33:57]} 28. Re8 {[%clk 0:44:57]} Rc7
{[%clk 0:33:13]} 29. Rd8 {[%clk 0:44:42]} Rd7 {[%clk 0:32:53]} 30. Rxd7
{[%clk 0:44:33]} Nxd7 {[%clk 0:33:19]} 31. Ba4 {[%clk 0:44:54]} Nc5
{[%clk 0:33:28]} 32. Bc2 {[%clk 0:45:13]} f5 {[%clk 0:32:57]} 0-1

[Event "V4 Liptov 2017"]
[Site "?"]
[Date "2017.06.25"]
[Round "8.16"]
[White "Surpeta, Julia"]
[Black "Meszaros, Marta Mira"]
[Result "1-0"]
[BlackElo "1184"]
[WhiteElo "1302"]
[LiveChessVersion "1.4.8"]

1. d4 {[%clk 1:00:59]} d5 {[%clk 1:00:54]} 2. Nc3 {[%clk 1:01:01]} Nf6
{[%clk 1:01:12]} 3. Bg5 {[%clk 1:01:23]} Nc6 {[%clk 1:01:20]} 4. a3
{[%clk 1:01:00]} Bf5 {[%clk 1:00:56]} 5. f3 {[%clk 0:59:42]} e6 {[%clk 0:58:24]}
6. e4 {[%clk 0:50:38]} dxe4 {[%clk 0:58:07]} 7. fxe4 {[%clk 0:50:04]} Bg4
{[%clk 0:58:22]} 8. Bxf6 {[%clk 0:49:34]} Qxf6 {[%clk 0:58:05]} 9. Qxg4
{[%clk 0:49:56]} Nxd4 {[%clk 0:58:12]} 10. O-O-O {[%clk 0:49:13]} O-O-O
{[%clk 0:58:28]} 11. Nf3 {[%clk 0:47:35]} Bc5 {[%clk 0:57:14]} 12. e5
{[%clk 0:47:37]} Qh6+ {[%clk 0:57:02]} 13. Kb1 {[%clk 0:46:54]} Nf5
{[%clk 0:51:46]} 14. Rxd8+ {[%clk 0:42:08]} Rxd8 {[%clk 0:51:59]} 15. Qc4
{[%clk 0:40:40]} Bb6 {[%clk 0:51:39]} 16. Be2 {[%clk 0:38:32]} Ne3
{[%clk 0:49:57]} 17. Qe4 {[%clk 0:37:53]} Nxg2 {[%clk 0:49:54]} 18. Ba6
{[%clk 0:37:53]} c6 {[%clk 0:46:37]} 19. Qxc6+ {[%clk 0:38:13]} Bc7
{[%clk 0:46:26]} 20. Bxb7+ {[%clk 0:38:37]} Kb8 {[%clk 0:46:39]} 21. Ba6
{[%clk 0:38:56]} Qe3 {[%clk 0:44:40]} 22. Qb7# {[%clk 0:39:19]} 1-0

[Event "V4 Liptov 2017"]
[Site "?"]
[Date "2017.06.25"]
[Round "8.17"]
[White "Bochnicka, Vladimir"]
[Black "Volaninova, Sarka"]
[Result "1-0"]
[BlackElo "1724"]
[WhiteElo "1926"]
[LiveChessVersion "1.4.8"]

1. e4 {[%clk 1:00:58]} c6 {[%clk 1:00:55]} 2. d4 {[%clk 1:01:20]} d5
{[%clk 1:01:19]} 3. Nc3 {[%clk 1:01:44]} dxe4 {[%clk 1:01:43]} 4. Nxe4
{[%clk 1:02:07]} Bf5 {[%clk 1:02:08]} 5. Ng3 {[%clk 1:02:32]} Bg6
{[%clk 1:02:32]} 6. N1e2 {[%clk 1:01:54]} e6 {[%clk 1:01:58]} 7. Nf4
{[%clk 1:01:10]} Qc7 {[%clk 1:02:05]} 8. Nxg6 {[%clk 0:46:13]} hxg6
{[%clk 1:02:24]} 9. Qf3 {[%clk 0:46:30]} Nf6 {[%clk 1:01:45]} 10. Bf4
{[%clk 0:45:25]} Bd6 {[%clk 1:01:31]} 11. Bxd6 {[%clk 0:45:48]} Qxd6
{[%clk 1:01:59]} 12. O-O-O {[%clk 0:45:28]} Nbd7 {[%clk 0:59:53]} 13. Bc4
{[%clk 0:40:54]} O-O-O {[%clk 0:58:17]} 14. h3 {[%clk 0:40:40]} Rh4
{[%clk 0:55:45]} 15. c3 {[%clk 0:35:55]} Qf4+ {[%clk 0:53:45]} 16. Qxf4
{[%clk 0:36:17]} Rxf4 {[%clk 0:54:09]} 17. f3 {[%clk 0:35:24]} Rh4
{[%clk 0:52:30]} 18. Bb3 {[%clk 0:33:03]} Nb6 {[%clk 0:51:20]} 19. Rhe1
{[%clk 0:31:48]} Kc7 {[%clk 0:50:03]} 20. Ne4 {[%clk 0:31:02]} Nbd5
{[%clk 0:46:02]} 21. c4 {[%clk 0:25:38]} Nb6 {[%clk 0:44:41]} 22. Kc2
{[%clk 0:18:12]} a5 {[%clk 0:39:47]} 23. a3 {[%clk 0:17:24]} Rhh8
{[%clk 0:38:22]} 24. Nxf6 {[%clk 0:16:10]} gxf6 {[%clk 0:38:39]} 25. d5
{[%clk 0:16:25]} cxd5 {[%clk 0:38:05]} 26. cxd5 {[%clk 0:17:19]} exd5
{[%clk 0:37:16]} 27. Re7+ {[%clk 0:16:59]} Rd7 {[%clk 0:37:05]} 28. Rxd7+
{[%clk 0:17:22]} Kxd7 {[%clk 0:37:28]} 29. Bxd5 {[%clk 0:17:17]} Nxd5
{[%clk 0:37:35]} 30. Rxd5+ {[%clk 0:17:40]} Kc6 {[%clk 0:37:56]} 31. Rxa5
{[%clk 0:17:35]} Re8 {[%clk 0:37:36]} 32. Kd3 {[%clk 0:16:31]} Re1
{[%clk 0:37:42]} 33. Ra8 {[%clk 0:14:30]} Rg1 {[%clk 0:35:30]} 34. Rf8
{[%clk 0:13:38]} Rxg2 {[%clk 0:35:33]} 35. Rxf7 {[%clk 0:13:59]} f5
{[%clk 0:35:31]} 36. Rf6+ {[%clk 0:12:02]} Kb5 {[%clk 0:34:37]} 37. h4
{[%clk 0:09:31]} Rxb2 {[%clk 0:32:49]} 38. Rxg6 {[%clk 0:09:53]} Rh2
{[%clk 0:28:25]} 39. Rh6 {[%clk 0:08:24]} Ka4 {[%clk 0:27:39]} 40. Rb6
{[%clk 0:07:52]} Rxh4 {[%clk 0:27:28]} 41. Rxb7 {[%clk 0:07:58]} Kxa3
{[%clk 0:27:11]} 42. Rf7 {[%clk 0:08:18]} Rh5 {[%clk 0:26:29]} 43. Kd4
{[%clk 0:07:21]} Kb4 {[%clk 0:25:34]} 44. Rb7+ {[%clk 0:07:02]} Ka5
{[%clk 0:25:45]} 45. Ke5 {[%clk 0:07:11]} Ka6 {[%clk 0:25:43]} 46. Rf7
{[%clk 0:07:28]} Kb6 {[%clk 0:25:26]} 47. Rxf5 {[%clk 0:07:42]} Rh1
{[%clk 0:25:46]} 48. Kf4 {[%clk 0:06:57]} Kc7 {[%clk 0:25:24]} 49. Re5
{[%clk 0:07:02]} Kd6 {[%clk 0:25:28]} 50. Re2 {[%clk 0:06:47]} Rf1
{[%clk 0:25:35]} 51. Kg4 {[%clk 0:06:52]} Rg1+ {[%clk 0:25:38]} 52. Kf5
{[%clk 0:07:09]} Rf1 {[%clk 0:25:30]} 53. f4 {[%clk 0:07:34]} Rg1
{[%clk 0:25:06]} 54. Kf6 {[%clk 0:07:52]} Rf1 {[%clk 0:25:16]} 55. Rd2+
{[%clk 0:08:14]} 1-0

[Event "V4 Liptov 2017"]
[Site "?"]
[Date "2017.06.25"]
[Round "8.18"]
[White "Ptacek, Jan"]
[Black "Sandor, Martin"]
[Result "1-0"]
[BlackElo "1858"]
[WhiteElo "1705"]
[LiveChessVersion "1.4.8"]

1. Nf3 {[%clk 1:00:56]} d5 {[%clk 1:00:54]} 2. g3 {[%clk 1:01:10]} Nf6
{[%clk 1:00:44]} 3. Bg2 {[%clk 1:01:09]} e6 {[%clk 1:00:19]} 4. O-O
{[%clk 1:01:17]} b6 {[%clk 0:58:03]} 5. d4 {[%clk 0:56:43]} Bb7 {[%clk 0:57:35]}
6. c4 {[%clk 0:55:43]} Be7 {[%clk 0:54:56]} 7. Nc3 {[%clk 0:53:13]} O-O
{[%clk 0:53:33]} 8. Qc2 {[%clk 0:50:13]} Nbd7 {[%clk 0:50:36]} 9. cxd5
{[%clk 0:48:30]} exd5 {[%clk 0:49:47]} 10. Bf4 {[%clk 0:46:45]} c6
{[%clk 0:47:01]} 11. Rfe1 {[%clk 0:39:09]} Re8 {[%clk 0:42:56]} 12. e4
{[%clk 0:34:42]} Nxe4 {[%clk 0:41:55]} 13. Nxe4 {[%clk 0:34:19]} dxe4
{[%clk 0:42:14]} 14. Rxe4 {[%clk 0:32:09]} Nf6 {[%clk 0:37:45]} 15. Re5
{[%clk 0:30:21]} Nd5 {[%clk 0:25:46]} 16. Rae1 {[%clk 0:29:20]} Qd7
{[%clk 0:23:19]} 17. Rh5 {[%clk 0:28:12]} g6 {[%clk 0:19:36]} 18. Bh3
{[%clk 0:26:54]} f5 {[%clk 0:16:33]} 19. Rxf5 {[%clk 0:27:17]} Bf6
{[%clk 0:09:55]} 20. Rfe5 {[%clk 0:24:41]} Qxh3 {[%clk 0:07:18]} 21. Rxe8+
{[%clk 0:25:00]} Rxe8 {[%clk 0:07:21]} 22. Rxe8+ {[%clk 0:24:36]} Kg7
{[%clk 0:07:29]} 23. Ng5 {[%clk 0:15:14]} Bxg5 {[%clk 0:06:46]} 24. Bxg5
{[%clk 0:15:39]} Ba6 {[%clk 0:05:53]} 25. Qd1 {[%clk 0:15:08]} h6
{[%clk 0:04:43]} 26. Bc1 {[%clk 0:14:29]} Bb5 {[%clk 0:01:26]} 27. Qe1
{[%clk 0:12:49]} a5 {[%clk 0:01:05]} 28. Rb8 {[%clk 0:10:17]} Ba6
{[%clk 0:01:12]} 29. Ra8 {[%clk 0:10:35]} Bb5 {[%clk 0:01:20]} 30. Qe5+
{[%clk 0:10:32]} 1-0